2014 MLB Network Top 100 Players Right Now - Statistics

General Stats
  • This quiz has been taken 20 times
  • The average score is 41 of 100
Answer Stats
Rank Team Position Player % Correct
1. LAA CF Mike Trout
100%
2. LAD SP Clayton Kershaw
88%
4. PIT CF Andrew McCutchen
75%
22. WAS LF Bryce Harper
75%
10. TBR SP David Price
75%
33. DET SP Justin Verlander
75%
12. DET SP Max Scherzer
75%
9. ARI 1B Paul Goldschmidt
75%
5. SEA 2B Robinson Cano
75%
24. MIL LF Ryan Braun
75%
21. BAL CF Adam Jones
63%
32. STL SP Adam Wainwright
63%
17. SFG C Buster Posey
63%
30. BAL 1B Chris Davis
63%
28. BOS DH David Ortiz
63%
25. NYM 3B David Wright
63%
15. TBR 3B Evan Longoria
63%
7. SEA SP Felix Hernandez
63%
45. ATL 1B Freddie Freeman
63%
20. MIA RF Giancarlo Stanton
63%
16. LAD SS Hanley Ramirez
63%
34. MIN 1B Joe Mauer
63%
8. CIN 1B Joey Votto
63%
50. TOR RF Jose Bautista
63%
18. MIA SP Jose Fernandez
63%
87. OAK 3B Josh Donaldson
63%
68. SFG SP Madison Bumgarner
63%
46. TEX 1B Prince Fielder
63%
13. COL SS Troy Tulowitzki
63%
14. STL C Yadier Molina
63%
23. LAD RF Yasiel Puig
63%
6. TEX 3B Adrian Beltre
50%
52. LAD 1B Adrian Gonzalez
50%
58. KCR LF Alex Gordon
50%
35. CIN RP Aroldis Chapman
50%
11. COL CF Carlos Gonzalez
50%
54. PHI SP Cliff Lee
50%
57. PHI SP Cole Hamels
50%
100. NYY SS Derek Jeter
50%
27. BOS 2B Dustin Pedroia
50%
94. PIT SP Gerrit Cole
50%
69. WAS SP Gio Gonzalez
50%
95. DET 2B Ian Kinsler
50%
29. BAL 3B Manny Machado
50%
59. LAD CF Matt Kemp
50%
78. KCR C Salvador Perez
50%
98. DET RF Torii Hunter
50%
38. LAD SP Zack Greinke
50%
80. LAA 1B Albert Pujols
38%
97. ATL SS Andrelton Simmons
38%
71. DET SP Anibal Sanchez
38%
19. CHW SP Chris Sale
38%
26. ATL RP Craig Kimbrel
38%
39. TOR 1B Edwin Encarnacion
38%
75. KCR 1B Eric Hosmer
38%
62. WAS SS Ian Desmond
38%
49. WAS RF Jayson Werth
38%
63. BAL SS JJ Hardy
38%
56. WAS SP Jordan Zimmermann
38%
72. ATL LF Justin Upton
38%
88. SFG SP Matt Cain
38%
65. STL 3B Matt Carpenter
38%
48. WAS 3B Ryan Zimmerman
38%
37. WAS SP Stephen Strasburg
38%
31. TEX SP Yu Darvish
38%
84. KCR DH Billy Butler
25%
47. NYY RF Carlos Beltran
25%
44. MIL CF Carlos Gomez
25%
81. PHI 2B Chase Utley
25%
67. KCR RP Greg Holland
25%
70. CLE 2B Jason Kipnis
25%
83. BOS SP Jon Lester
25%
41. STL LF Matt Holliday
25%
85. BAL C Matt Wieters
25%
79. PIT 3B Pedro Alvarez
25%
42. TEX RF Shin-Soo Choo
25%
40. DET DH Victor Martinez
25%
99. CIN 2B Brandon Phillips
13%
64. NYY C Brian McCann
13%
89. BOS SP Clay Buchholz
13%
55. SEA SP Hisashi Iwakuma
13%
74. SFG RF Hunter Pence
13%
51. NYY CF Jacoby Ellsbury
13%
66. KCR SP James Shields
13%
36. CIN RF Jay Bruce
13%
61. TOR SS Jose Reyes
13%
76. LAA RF Josh Hamilton
13%
82. BOS RP Koji Uehara
13%
73. COL RF Michael Cuddyer
13%
92. STL SP Michael Wacha
13%
96. BOS RF Shane Victorino
13%
93. STL SP Shelby Miller
13%
43. TBR RF Wil Myers
13%
53. STL RF Allen Craig
0%
77. CLE C Carlos Santana
0%
60. MIL SS Jean Segura
0%
86. DET RP Joe Nathan
0%
3. DET 1B Miguel Cbrera
0%
90. ARI SP Patrick Corbin
0%
91. STL RP Trevor Rosenthal
0%
No matching quizzes found
Score Distribution
Percent of People with Each Score
Percentile by Number Answered
Your Score History
You have not taken this quiz